Test de Rapidité - "?" - Statistiques

Statistiques générales
  • Ce quiz a été pris 570 fois
  • Le résultat moyen est 92 sur 100
Statistiques - réponses
? % Correct
?
100%
?
99%
?
99%
?
99%
?
99%
?
99%
?
99%
?
99%
?
99%
?
99%
?
99%
?
99%
?
99%
?
99%
?
99%
?
98%
?
98%
?
98%
?
98%
?
98%
?
98%
?
97%
?
97%
?
97%
?
97%
?
97%
?
97%
?
97%
?
97%
?
96%
?
96%
?
96%
?
96%
?
96%
?
96%
?
96%
?
96%
?
96%
?
96%
?
96%
?
96%
?
96%
?
96%
?
96%
?
95%
?
95%
?
95%
?
95%
?
95%
?
95%
?
94%
?
94%
?
94%
?
94%
?
94%
?
93%
?
93%
?
93%
?
93%
?
93%
?
93%
?
92%
?
92%
?
92%
?
92%
?
91%
?
91%
?
90%
?
90%
?
90%
?
90%
?
90%
?
89%
?
89%
?
89%
?
88%
?
88%
?
88%
?
88%
?
87%
?
86%
?
86%
?
85%
?
85%
?
84%
?
82%
?
82%
?
81%
?
79%
?
79%
?
77%
?
76%
?
75%
?
74%
?
73%
?
72%
?
71%
?
71%
?
70%
?
68%
Aucun quiz correspondant
Distribution des résultats
% des personnes avec chaque résultat
Percentile par nombre de réponses
Votre historique - résultats
Vous n’avez pas pris ce quiz